[Event "Let's Play Chess!"]
[Site "http://www.queenalice.com/game.php?id=201836"]
[Date "2007.4.24"]
[Round "-"]
[White "spawnwolfwolverine"]
[Black "lyance"]
[Result "1-0"]
[WhiteElo "1729"]
[BlackElo "1615"]

1. d4 d5 2. e3 Nf6 3. Nf3 e6 4. Nc3 Nc6 5. Bb5 a6 6. Ba4 b5 7. Bb3 Bd6 8. O-O
Ne4 9. Nxe4 dxe4 10. Ne1 Qh4 11. g3 Qh3 12. d5 exd5 13. Qxd5 Qd7 14. Qxe4+ Ne5
15. Qxa8 O-O 16. Nd3 Qh3 17. Qg2 Qg4 18. Nxe5 Bxe5 19. c3 Kh8 20. Bd1 Qc4 21. f4
Bd6 22. Be2 Qc5 23. Bd2 Qb6 24. a4 b4 25. a5 Qb8 26. c4 Rd8 27. b3 Be7 28. Bc1
c5 29. Bb2 f6 30. Qe4 Re8 31. Bd3 g6 32. Bxf6+ Kg8 33. Bxe7 Rxe7 34. Qxe7 Bh3
35. e4 1-0

[Event "AUTO-INT-430"]
[Site "http://www.queenalice.com/game.php?id=201853"]
[Date "2007.4.24"]
[Round "1"]
[White "Juventus"]
[Black "lyance"]
[Result "0-1"]
[WhiteElo "1549"]
[BlackElo "1534"]

1. Nf3 Nc6 2. g3 e5 3. c3 d5 4. Bg2 e4 5. Nd4 Nxd4 6. cxd4 Be6 7. Qb3 b6 8. Qb5+
Qd7 9. Qa6 Nf6 10. Nc3 Bd6 11. Nb5 c6 12. Nxd6+ Qxd6 13. b3 O-O 14. Ba3 c5 15.
dxc5 Qc6 16. Rc1 Bc8 17. Qa4 Qxa4 18. bxa4 bxc5 19. Bxc5 Re8 20. Bd4 Re6 21. Bh3
Re8 22. Bxc8 Rexc8 23. Rxc8+ Rxc8 24. Kd1 a5 25. Bb6 Rc4 26. Bxa5 Rxa4 27. Bc3
d4 28. Ba1 d3 29. Re1 Rxa2 30. Bxf6 gxf6 31. exd3 exd3 32. Re8+ Kg7 33. Kc1 Kg6
34. Rd8 Ra1+ 35. Kb2 Rf1 36. f4 Rf2 37. Rxd3 Rxh2 38. Rf3 Rxd2+ 39. Kc3 Rg2 40.
Kd4 f5 41. Ke5 f6+ 42. Ke6 h5 43. Re3 Rg1 44. Rf3 Re1+ 45. Kd5 Re4 46. Kc6 h4
47. gxh4 Kh5 48. Rf1 Kxh4 49. Rh1+ Kg4 50. Rf1 Rxf4 51. Rxf4+ Kxf4 52. Kd6 Kg5
53. Kd5 f4 54. Ke4 Kg4 55. Kd3 Kg3 56. Ke4 f3 57. Kf5 f2 58. Kxf6 f1=Q+ 59. Ke6
Qf4 60. Kd5 Kf3 61. Ke6 Ke4 62. Kd7 Qe5 63. Kc6 Kd4 64. Kd7 Kd5 65. Kd8 Qg7 66.
Ke8 Kd6 67. Kd8 Qd7# 0-1

[Event "AUTO-INT-430"]
[Site "http://www.queenalice.com/game.php?id=201854"]
[Date "2007.4.24"]
[Round "1"]
[White "lyance"]
[Black "Juventus"]
[Result "1-0"]
[WhiteElo "1530"]
[BlackElo "1549"]

1. e4 g6 2. b3 Bg7 3. Nc3 Nh6 4. Bb2 O-O 5. h3 e5 6. Nf3 d6 7. Bc4 b6 8. Qe2 Nc6
9. Bd5 Qd7 10. g4 Kh8 11. g5 Ng8 12. h4 Bb7 13. O-O-O Nge7 14. h5 Nxd5 15. exd5
Ne7 16. h6 Bxh6 17. gxh6 Bxd5 18. Nxd5 Nxd5 19. Nxe5 dxe5 20. Qxe5+ f6 21. Qd4
c5 22. Qe4 Nb4 23. Bxf6+ Kg8 24. Rdg1 Kf7 25. Bg7 Rfe8 26. Qf3+ Kg8 27. Rxg6
hxg6 28. Bc3 Nxa2+ 29. Kb2 Nxc3 30. Qxc3 Re2 31. h7+ Kf7 32. Qf3+ Ke8 33. Qxe2+
Qe7 34. h8=Q+ 1-0

[Event "AUTO-INT-430"]
[Site "http://www.queenalice.com/game.php?id=201867"]
[Date "2007.4.24"]
[Round "1"]
[White "DGFerguson"]
[Black "lyance"]
[Result "1-0"]
[WhiteElo "1532"]
[BlackElo "1509"]

1. c4 e5 2. e3 Nf6 3. Nc3 Bc5 4. Nf3 Nc6 5. d4 exd4 6. exd4 Bb4 7. Bd2 O-O 8. a3
Bxc3 9. Bxc3 Qe7+ 10. Be2 Re8 11. O-O d5 12. b4 1-0

[Event "AUTO-INT-430"]
[Site "http://www.queenalice.com/game.php?id=201868"]
[Date "2007.4.24"]
[Round "1"]
[White "lyance"]
[Black "DGFerguson"]
[Result "0-1"]
[WhiteElo "1494"]
[BlackElo "1547"]

1. e4 c5 2. Nf3 e6 3. d4 Nf6 4. Nc3 Nc6 5. d5 exd5 6. exd5 Nd4 7. Nxd4 cxd4 8.
Qxd4 Be7 9. Bg5 Nh5 10. Qe5 O-O 11. Bxe7 Qe8 0-1

[Event "AUTO-INT-430"]
[Site "http://www.queenalice.com/game.php?id=201875"]
[Date "2007.4.24"]
[Round "1"]
[White "Wecker"]
[Black "lyance"]
[Result "0-1"]
[WhiteElo "1496"]
[BlackElo "1592"]

1. e4 e5 2. Nf3 Nc6 3. Bc4 Bc5 4. c3 Nf6 5. d4 exd4 6. cxd4 Bb4+ 7. Nc3 Nxe4 8.
Bd2 d5 9. Bxd5 Nxc3 10. bxc3 Qe7+ 11. Qe2 Qxe2+ 12. Kxe2 O-O 13. Kd3 Bf5+ 14.
Be4 Bxe4+ 15. Kxe4 Rfe8+ 16. Kd3 Bd6 17. Rab1 b6 18. d5 Ne5+ 19. Nxe5 Rxe5 20.
h4 Rxd5+ 21. Kc2 a5 22. a4 Re8 23. g4 Re2 24. f4 Rdxd2+ 25. Kc1 Ba3+ 0-1

[Event "AUTO-INT-430"]
[Site "http://www.queenalice.com/game.php?id=201876"]
[Date "2007.4.24"]
[Round "1"]
[White "lyance"]
[Black "Wecker"]
[Result "1-0"]
[WhiteElo "1609"]
[BlackElo "1585"]

1. e4 d5 2. exd5 Qxd5 3. Nc3 Qd8 4. Nf3 Nf6 5. d4 Bg4 6. h3 Bh5 7. g4 Bg6 8. Bd3
e6 9. Qe2 Bb4 10. a3 Bd6 11. d5 Qe7 12. dxe6 Qxe6 13. Qxe6+ fxe6 14. Bg5 Nc6 15.
O-O-O O-O-O 16. Bxg6 hxg6 17. Bxf6 gxf6 18. h4 Bf4+ 19. Kb1 Rxd1+ 20. Rxd1 e5
21. Nd5 Rd8 22. g5 fxg5 23. hxg5 Kb8 24. b4 a6 25. c4 b5 26. c5 Nd4 27. Ne7 Ka8
28. Nxd4 exd4 29. Nxg6 Bxg5 30. Ne5 Bf6 31. Nc6 Rd7 32. f4 d3 33. Ka2 d2 34. Na5
Bc3 35. Nb3 c6 36. Kb1 Kb8 37. Kc2 1-0

[Event "AUTO-ADV-473"]
[Site "http://www.queenalice.com/game.php?id=202034"]
[Date "2007.4.25"]
[Round "1"]
[White "lyance"]
[Black "amore"]
[Result "0-1"]
[WhiteElo "1538"]
[BlackElo "1738"]

1. e4 e5 2. Nf3 Nc6 3. Bc4 Nf6 4. Ng5 d5 5. exd5 Nxd5 6. d3 Nce7 7. Qf3 f6 8.
Nh3 Be6 9. Nc3 c6 10. Be3 Qa5 11. O-O O-O-O 0-1

[Event "AUTO-ADV-473"]
[Site "http://www.queenalice.com/game.php?id=202035"]
[Date "2007.4.25"]
[Round "1"]
[White "amore"]
[Black "lyance"]
[Result "1-0"]
[WhiteElo "1746"]
[BlackElo "1530"]

1. e4 e5 2. Nf3 Nc6 3. Bc4 Bc5 4. Qe2 Nf6 5. Bxf7+ Kxf7 6. Qc4+ Kf8 7. Qxc5+ d6
8. Qe3 Kf7 9. d3 Rf8 10. Nc3 Kg8 11. O-O d5 12. exd5 1-0

[Event "AUTO-ADV-473"]
[Site "http://www.queenalice.com/game.php?id=202036"]
[Date "2007.4.25"]
[Round "1"]
[White "lyance"]
[Black "spawnwolfwolverine"]
[Result "1-0"]
[WhiteElo "1597"]
[BlackElo "1690"]

1. e4 d6 2. d4 b6 3. Nf3 Ba6 4. Bxa6 Nxa6 5. Nc3 Nb8 6. Bf4 e6 7. O-O c5 8. d5
e5 9. Bg3 Nf6 10. Bh4 Be7 11. Bxf6 Bxf6 12. Ne2 O-O 13. Ng3 Na6 14. h4 Bxh4 15.
Nxh4 Qxh4 16. Nf5 Qxe4 17. Nxd6 Qg6 18. Nb5 Rfd8 19. c4 f5 20. a3 f4 21. Qf3 Rf8
22. Rae1 Rf5 23. d6 Rh5 24. Qd5+ Kh8 25. Qxa8+ Qe8 26. Qxe8# 1-0

[Event "AUTO-ADV-473"]
[Site "http://www.queenalice.com/game.php?id=202037"]
[Date "2007.4.25"]
[Round "1"]
[White "spawnwolfwolverine"]
[Black "lyance"]
[Result "1-0"]
[WhiteElo "1579"]
[BlackElo "1553"]

1. d3 d5 2. g3 e5 3. Bg2 Nf6 4. e3 Bc5 5. Ne2 Nc6 6. O-O Bg4 7. b3 O-O 8. Ba3
Bxa3 9. Nxa3 a6 10. Nb1 e4 11. d4 Qd7 12. Nd2 b5 13. f3 exf3 14. Nxf3 Rae8 15.
Qd2 Ne4 16. Qd1 Bxf3 17. Rxf3 Ng5 18. Rf1 Rxe3 19. a4 b4 20. Nf4 Rc3 21. Nxd5
Re8 22. Nxc3 bxc3 23. Bxc6 Qxc6 24. h4 Ne4 25. Qf3 f6 26. Rae1 Re6 27. Rd1 Qd5
28. Rd3 h5 29. Rxc3 Nxc3 30. Qxd5 Nxd5 31. c4 Ne3 32. Re1 Re4 33. d5 Kf7 34. Kf2
Ng4+ 35. Kf1 1-0

[Event "AUTO-OPEN-637"]
[Site "http://www.queenalice.com/game.php?id=202168"]
[Date "2007.4.25"]
[Round "1"]
[White "IkeBroflovski"]
[Black "lyance"]
[Result "1-0"]
[WhiteElo "1500"]
[BlackElo "1582"]

1. Nf3 Nc6 2. d4 d5 3. c4 e6 4. Nc3 dxc4 5. e4 Bb4 6. Bxc4 Nf6 7. Bd3 O-O 8. e5
Nd5 9. Bxh7+ Kxh7 10. Ng5+ Kg8 11. Qh5 Qxg5 12. Bxg5 Nxc3 13. O-O Nd5 14. Rad1
b5 15. Rd3 Bb7 16. Rh3 f6 17. exf6 Nxf6 18. Bxf6 Rxf6 19. Qxb5 Rb8 20. d5 exd5
21. Qxd5+ Kf8 22. Rh8+ Ke7 23. Rxb8 1-0

[Event "AUTO-OPEN-637"]
[Site "http://www.queenalice.com/game.php?id=202184"]
[Date "2007.4.25"]
[Round "1"]
[White "kloosterveen"]
[Black "lyance"]
[Result "1-0"]
[WhiteElo "1745"]
[BlackElo "1523"]

1. d4 d5 2. c4 Nf6 3. e3 Bf5 4. Nf3 Nc6 5. cxd5 Qxd5 6. Be2 e5 7. dxe5 Qxd1+ 8.
Bxd1 O-O-O 9. exf6 gxf6 10. O-O h5 11. b3 Bg4 12. Bb2 Rh6 13. Nc3 h4 14. h3 Bxf3
15. Bxf3 Rd2 16. Rab1 Ne5 17. Ne4 1-0

[Event "AUTO-OPEN-637"]
[Site "http://www.queenalice.com/game.php?id=202185"]
[Date "2007.4.25"]
[Round "1"]
[White "lyance"]
[Black "kloosterveen"]
[Result "0-1"]
[WhiteElo "1516"]
[BlackElo "1752"]

1. e4 e6 2. d4 d5 3. e5 c5 4. Nf3 cxd4 5. Qxd4 g6 6. Nc3 Bg7 7. Bg5 Ne7 8. O-O-O
Nbc6 9. Qh4 O-O 10. Bf6 Bxf6 11. exf6 Nf5 12. Qg5 h6 13. Qf4 Qxf6 14. Bd3 g5 0-1